A proteção social como pressuposto de atuação do MPMT / (Record no. 1470)

MARC details
000 -LÍDER
Campo Fixo de Controle 00713nam a2200229 a 4500
001 - NÚMERO DE CONTROLE
Campo de Controle 1470
003 - IDENTIFICAÇÃO DO NÚMERO DE CONTROLE
Campo de Controle BR-CuiBMT
005 - DATA E HORA DA ÚLTIMA ATUALIZAÇÃO
Campo de Controle 20231211204239.0
008 - DADOS FIXOS
Dados Fixos 231211s2013 mtb 000 0 por d
020 ## - INTERNATIONAL STANDARD BOOK NUMBER
Nº do ISBN 9788588517127
040 ## - AGÊNCIA CATALOGADORA
Código da Agência Catalogadora BR-CuiBMT
Agência que transcreveu o registro BR-CuiBMT
080 ## - Nº DA CLASSIFICAÇÃO DECIMAL UNIVERSAL
Nº edição CDU 2007
Nº Class. CDU 347.991
Subd. Auxiliar Comum (817.2)
090 ## - NÚMERO DE CHAMADA
Nº classificação 347.991(817.2)
Cutter M149p
100 1# - ENTRADA PRINCIPAL -- AUTOR PESSOAL
Nome pessoal Machado, Marcos Henrique
245 12 - TÍTULO PRINCIPAL
Título principal A proteção social como pressuposto de atuação do MPMT /
Indicação de responsabilidade Marcos Henrique Machado.
260 ## - PUBLICAÇÃO, DISTRIBUIÇÃO, ETC.
Local de publicação Cuiabá :
Editora Fundação Escola Superior do MPMT,
Data 2013.
300 ## - DESCRIÇÃO FÍSICA
N. páginas ou volumes 283 p. ;
Dimensões 23 cm
504 ## - NOTA DE BIBLIOGRAFIA, ETC.
Nota de bibliografia Inclui bibliografia.
650 ## - ASSUNTO TÓPICO
Cabeçalho tópico ou nome geográfico Ministério Público
Subdivisão geográfica Mato Grosso
650 ## - ASSUNTO TÓPICO
Cabeçalho tópico ou nome geográfico Políticas públicas
942 ## - ELEMENTOS DE ENTRADA ADICIONAIS (KOHA)
Fonte de classificação ou esquema de arquivamento Classificação Decimal Universal
Tipo de item do Koha Livros
Holdings
Estado: removido Estado: perdido Fonte de classificação ou esquema de arquivamento Estado: danificado Indisponível para empréstimo Localização permanente Localização atual Data de aquisição Total Checkouts Número de Chamada completo Código de barras Date last seen Número do exemplar Preço efetivo a partir de Tipo de item (Koha)
    Classificação Decimal Universal     Biblioteca da Escola Superior de Contas do TCE/MT Biblioteca da Escola Superior de Contas do TCE/MT 11/12/2023   347.991(817.2) M149p BIBTCEMT23120367 11/12/2023 Ex. 1 11/12/2023 Livros
    Classificação Decimal Universal     Biblioteca da Escola Superior de Contas do TCE/MT Biblioteca da Escola Superior de Contas do TCE/MT 15/12/2023   347.991(817.2) M149p BIBTCEMT23120566 15/12/2023 Ex. 2 15/12/2023 Livros
    Classificação Decimal Universal     Biblioteca da Escola Superior de Contas do TCE/MT Biblioteca da Escola Superior de Contas do TCE/MT 15/12/2023   347.991(817.2) M149p BIBTCEMT23120567 15/12/2023 Ex. 3 15/12/2023 Livros

Powered by Koha